[Event "1st League Cent-SRB 2013"]
[Site "Kragujevac SRB"]
[Date "2013.09.20"]
[Round "9.5"]
[White "Urosevic,Z"]
[Black "Prelevic,D"]
[Result "1/2-1/2"]
[WhiteElo "2244"]
[BlackElo "2312"]

1.e4 c5 2.Nf3 Nc6 3.Nc3 g6 4.g3 Bg7 5.Bg2 d6 6.O-O Nf6 7.Re1 e5 8.d3 h6 9.h3 Be6
10.Nd2 Qd7 11.Kh2 Nd4 12.Nd5 h5 13.Nxf6+ Bxf6 14.c3 Nc6 15.Nf3 Qe7 16.Qd2 Bg7
17.Qe2 Bf6 18.Qd2 Bg7 19.Qe2 Bf6 20.Qd2  1/2-1/2

[Event "Baku Open 2013"]
[Site "Baku AZE"]
[Date "2013.09.22"]
[Round "4.13"]
[White "Guseinov,G"]
[Black "Abasov,N"]
[Result "1-0"]
[WhiteElo "2616"]
[BlackElo "2492"]

1.e4 c5 2.Nc3 Nc6 3.Nf3 d6 4.d4 cxd4 5.Nxd4 Nf6 6.Bg5 e6 7.Qd2 Be7 8.O-O-O Nxd4
9.Qxd4 O-O 10.f4 Bd7 11.Bd3 Bc6 12.h4 Re8 13.Qe3 Qa5 14.Qg3 h5 15.Rhe1 Qc5
16.Rd2 b5 17.e5 Ng4 18.Bxe7 Rxe7 19.exd6 Rd7 20.Be4 Rad8 21.Bxc6 Qxc6 22.Ne4 f5
23.Qc3 Qa6 24.Nc5 Qxa2 25.b4 Rxd6 26.Nxe6 Rxe6 27.Rxd8+ Kh7 28.Rxe6 Qxe6
29.g3 a6 30.Rc8 Qe4 31.Rc7 Nf6 32.Qe5 Kg6 33.Qxe4 fxe4 34.Rc5 e3 35.Re5 Ng4
36.Rg5+ Kf6 37.Rxh5 e2 38.Kd2 Ne3 39.Re5  1-0

[Event "e2e4 Bedford Open 2013"]
[Site "Bedford ENG"]
[Date "2013.09.22"]
[Round "5"]
[White "Oyama,Akito"]
[Black "Mercs,P"]
[Result "1/2-1/2"]
[WhiteElo "1990"]
[BlackElo "2106"]

1.e4 c5 2.Nc3 Nc6 3.Bb5 Nd4 4.Bc4 g6 5.Nf3 Bg7 6.Nxd4 cxd4 7.Qf3 e6 8.Nb5 d6
9.Qa3 Ke7 10.c3 dxc3 11.dxc3 a6 12.Nd4 e5 13.Nc2 Be6 14.Bxe6 fxe6 15.Be3 Bh6
16.O-O-O Bxe3+ 17.Nxe3 Rc8 18.Rd3 Nf6 19.f3 Qb6 20.Rhd1 Rhd8 21.b3 Qc5 22.Qxc5 Rxc5
23.Nc4 Ne8 24.Kb2 b5 25.Ne3 Nf6 26.c4 Nh5 27.a4 bxa4 28.b4 Rb8 29.Ka3 Rc6
30.Kxa4 Nf6 31.Ra3 Nd7 32.Kb3 Rcb6 33.Nc2 g5 34.Kc3 g4 35.Rda1 gxf3 36.gxf3 Rf8
37.Ne1 Nb8 38.R1a2 Rc8 39.Nd3 Rbc6 40.c5 Rf8 41.Rf2 Nd7 42.Kd2 dxc5 43.bxc5 Rb8
44.Ra5 Rb5 45.Rxb5 axb5 46.Ke3 Nxc5 47.Nxe5 Rb6 48.Rb2 Na4 49.Rb3  1/2-1/2

[Event "TCh-CRO Ia Liga 2013"]
[Site "Bol CRO"]
[Date "2013.09.22"]
[Round "9.4"]
[White "Jovanovic,Zo CRO"]
[Black "Cebalo,M"]
[Result "1-0"]
[WhiteElo "2529"]
[BlackElo "2427"]

1.e4 c5 2.Nc3 Nc6 3.Nf3 g6 4.Bb5 Nd4 5.Ba4 Bg7 6.O-O Nh6 7.Nxd4 cxd4 8.Ne2 O-O
9.d3 d5 10.Nxd4 dxe4 11.dxe4 Bg4 12.Nf3 Qa5 13.Bb3 Rad8 14.Qe2 Kh8 15.h3 Bxf3
16.Qxf3 f5 17.c3 fxe4 18.Qxe4 Nf5 19.Bf4 Nd6 20.Bxd6 Rxd6 21.Rad1 Qb6 22.Rxd6 exd6
23.g3 Qc7 24.Re1 Bf6 25.Kg2 b6 26.Qd5 Qc5 27.Re6 Qxd5+ 28.Bxd5 Kg7 29.Rxd6 Rd8
30.Rxd8 Bxd8 31.f4 g5 32.Kf3 gxf4 33.gxf4 Kf6 34.Ke4 Bc7 35.Bb7 a5 36.Bc8 Bd6
37.f5 Bc5 38.Kd5 Be3 39.b4 Bd2 40.bxa5 bxa5 41.c4 Ke7 42.Kc6 Bf4 43.a4 Be5
44.Be6 h6 45.Kb6 Bc3 46.c5 Bd4 47.Kxa5 Bxc5 48.Kb5 Bd4 49.a5 Kd6 50.a6 Kc7
51.Kc4 Bf6 52.Kd5  1-0

[Event "TCh-Moscow GpA 2013"]
[Site "Moscow RUS"]
[Date "2013.09.22"]
[Round "2.4"]
[White "Aldokhin,I"]
[Black "Belous,V"]
[Result "0-1"]
[WhiteElo "2428"]
[BlackElo "2554"]

1.e4 c5 2.Nf3 Nc6 3.Nc3 e5 4.Bc4 Be7 5.d3 Nf6 6.Ng5 O-O 7.f4 d6 8.O-O Bg4
9.Qd2 exf4 10.h3 Bh5 11.Qxf4 Nd4 12.Rf2 b5 13.Bxb5 d5 14.exd5 Nxb5 15.Nxb5 Nxd5
16.Qg3 Re8 17.Ne4 Bh4 18.Qd6 Bxf2+ 19.Kxf2 c4 20.Qxd8 Rexd8 21.dxc4 Nb4 22.Bd2 Nxc2
23.Rc1 Bg6 24.Nbd6 f5 25.Ng5 Rxd6 26.Bf4 Rd4  0-1

[Event "TCh-Moscow GpA 2013"]
[Site "Moscow RUS"]
[Date "2013.09.22"]
[Round "2.2"]
[White "Harutjunyan,G"]
[Black "Dvalishvili,P"]
[Result "1-0"]
[WhiteElo "2458"]
[BlackElo "2422"]

1.e4 c5 2.Nc3 Nc6 3.Bb5 Nd4 4.Bc4 e6 5.Nge2 Ne7 6.O-O Nec6 7.d3 Be7 8.f4 O-O
9.f5 Bg5 10.Ng3 Bxc1 11.Qxc1 f6 12.a3 Kh8 13.Ba2 b6 14.Qd2 Ne5 15.Nd1 Ba6
16.Ne3 Qe7 17.Rad1 Rae8 18.Rf2 Qd8 19.c3 Ndc6 20.Qc2 Qb8 21.d4 cxd4 22.cxd4 Nf7
23.fxe6 Nfd8 24.exd7 Re7 25.e5 Rxd7 26.e6 Nxd4 27.Qe4 N8xe6 28.Bxe6 Nxe6
29.Rxd7 Nc5 30.Qe7 Nxd7 31.Ngf5  1-0

[Event "63rd TCh-BUL GpB 2013"]
[Site "Sunny Beach BUL"]
[Date "2013.09.22"]
[Round "5.1"]
[White "Stavrev,N"]
[Black "Tsanov,Miroslav"]
[Result "1-0"]
[WhiteElo "2352"]
[BlackElo "1896"]

1.e4 c5 2.Nc3 Nc6 3.Nf3 d6 4.Bb5 Nf6 5.e5 dxe5 6.Bxc6+ bxc6 7.Nxe5 Qc7 8.Qe2 e6
9.h3 Bd6 10.Nc4 O-O 11.d3 Ba6 12.Nxd6 Qxd6 13.O-O Nd5 14.Ne4 Qe7 15.c4 f5
16.Ng5 Nc7 17.Qe5 h6 18.Nf3 Bb7 19.Bf4 Na6 20.Qc3 Rad8 21.Rfd1 g5 22.Be5 Kh7
23.Re1 g4 24.hxg4 fxg4 25.Nh2 h5 26.Re3 Qf7 27.Bg3 Rd4 28.Qe1 Re8 29.Be5 Rdd8
30.a3 Qf5 31.f3 Re7  1-0

[Event "XXI Vallfogona Rapid Open"]
[Site "Vallfogona de Balaguer ESP"]
[Date "2013.09.22"]
[Round "10.1"]
[White "Guerra Mendez,J"]
[Black "Mellado Trivino,J"]
[Result "1/2-1/2"]
[WhiteElo "2519"]
[BlackElo "2443"]

1.e4 c5 2.Nf3 Nc6 3.Nc3 e5 4.Bc4 Be7 5.d3 Nf6 6.Nd2 O-O 7.Nf1 d6 8.Ne3 Na5
9.O-O a6 10.Ncd5 Nxc4 11.Nxf6+ Bxf6 12.dxc4 Be6 13.Nd5 Bg5 14.Qd3 Bxc1 15.Raxc1 b5
16.Ne3 bxc4 17.Nxc4 Bxc4 18.Qxc4 Rb8 19.b3 Rb4 20.Qxa6 Rxe4 21.Rcd1 Qg5 22.Qxd6 c4
23.Qd5 Qg6 24.b4 c3 25.b5 Re2 26.a4 Rxc2 27.Qxe5 Ra2 28.Qxc3 Rxa4 29.Qb3 Rg4
30.g3 Qb6 31.Rd5 h6 32.Rfd1 Rg6 33.Rf5 Re6 34.Qd5 Rfe8 35.Kg2 g6 36.Rf3 R8e7
37.Qd8+ Kg7 38.Qd4+ Qxd4 39.Rxd4 Re5 40.Rb4 Rb7 41.b6 Re6 42.Rfb3 f5 43.h4 h5
44.Kf3 Kf6 45.Rb5 Re4 46.R3b4 Re6 47.Kf4 Rc6 48.f3 Re6 49.Rb3 Rc6 50.R3b4 Rd6
51.Ke3 Re7+ 52.Kf4 Rb7 53.Ke3 Re7+ 54.Kf4 Rb7 55.g4 fxg4 56.fxg4 hxg4 57.Kxg4 Rc6
58.Rf4+ Kg7 59.Rfb4 Kf6 60.Kf4 Rd6 61.Ke4 Re7+ 62.Kf3 Rb7 63.Kf4 Rc6 64.Ke4 Rd6
65.Ke3 Re7+ 66.Re4 Rb7 67.Rf4+ Kg7 68.Rfb4 Kf6 69.Kf3 Rc6 70.Ke4 Rd6 71.Kf4 Rc6
72.h5 gxh5 73.Rxh5 Kg6 74.Rg5+ Kf6 75.Rh5 Kg6 76.Rg5+ Kf6 77.Rh5 Kg6 78.Rhb5 Kf6
79.Ke4 Rd6 80.Rh5 Kg6 81.Rhb5 Kf6 82.Rb3 Re7+ 83.Kf4 Rb7 84.Rh5 Kg6 85.Rg5+ Kf6
86.Rf5+ Ke7 87.Re3+ Re6 88.Rh5 Rxb6 89.Rh7+ Kf8 90.Rxe6 Rxe6  1/2-1/2

[Event "Baku Open 2013"]
[Site "Baku AZE"]
[Date "2013.09.24"]
[Round "6.26"]
[White "Iskandarov,M"]
[Black "Sevdimaliev,U"]
[Result "1-0"]
[WhiteElo "2406"]
[BlackElo "2226"]

1.e4 c5 2.Nc3 Nc6 3.Nf3 g6 4.Bb5 Nd4 5.Nxd4 cxd4 6.Ne2 Bg7 7.O-O e6 8.c3 Qa5
9.Ba4 d3 10.Nf4 Qa6 11.Bb3 b6 12.Qf3 Bb7 13.Qe3 Nf6 14.f3 O-O 15.Nxd3 Bh6
16.Qxh6 Qxd3 17.Re1 d5 18.Re3 Qb5 19.e5 Nd7 20.d4 f6 21.exf6 Rxf6 22.Re1 Re8
23.Bc2  1-0

[Event "Baku Open 2013"]
[Site "Baku AZE"]
[Date "2013.09.25"]
[Round "7.13"]
[White "Shanava,K"]
[Black "Kotronias,V"]
[Result "1-0"]
[WhiteElo "2567"]
[BlackElo "2579"]

1.e4 c5 2.Nf3 Nc6 3.Nc3 e5 4.Bc4 Be7 5.d3 Nf6 6.Ng5 O-O 7.O-O h6 8.f4 exf4
9.Nf3 g5 10.h4 Nh7 11.hxg5 hxg5 12.g3 g4 13.Bxf4 gxf3 14.Qxf3 d6 15.Nd5 Kh8
16.Kg2 Rg8 17.Rh1 Bg4 18.Rxh7+ Kxh7 19.Rh1+ Bh4 20.Qf2 Rg6 21.Rxh4+ Kg7 22.Kf1 Nd4
23.Qh2 Qh8 24.Ne3 Nf3 25.Rxh8 Rxh8 26.Qxh8+ Kxh8 27.Bxf7 Rf6 28.Bd5 Bc8 29.Nc4 Be6
30.Bxe6 Rxe6 31.Nxd6 b6 32.c3 Kh7 33.Ke2 Ne5 34.Bxe5 Rxe5 35.d4 Rh5 36.e5 Kg6
37.Kd3 Rh2 38.Nc4 b5 39.Nd2 c4+ 40.Ke3 Rg2 41.Ne4 Kf5 42.g4+ Rxg4 43.Nd6+ Ke6
44.Nxb5 Rg2 45.b3 Rxa2 46.bxc4 a5 47.c5 Rb2 48.c4 a4 49.c6 Rxb5 50.cxb5 a3
51.c7 Kd7 52.b6 a2 53.e6+  1-0

[Event "12th Forchheim Open A 2013"]
[Site "Forchheim GER"]
[Date "2013.09.27"]
[Round "1.16"]
[White "Feldheim,Jonas"]
[Black "Kreyssig,R"]
[Result "0-1"]
[WhiteElo "2009"]
[BlackElo "2061"]

1.e4 c5 2.Nc3 Nc6 3.Bb5 g6 4.Bxc6 dxc6 5.d3 Bg7 6.Be3 b6 7.Qd2 e5 8.O-O-O Be6
9.f4 exf4 10.Bxf4 Qd7 11.Kb1 O-O-O 12.Nf3 h6 13.Rhf1 Kb7 14.h3 Ne7 15.Ne5 Qe8
16.Qe2 Nc8 17.Ng4 Nd6 18.Ne3 a6 19.g4 Nb5 20.e5 Nxc3+ 21.bxc3 Qe7 22.Ka1 f6
23.d4 cxd4 24.cxd4 Qa3 25.c4 fxe5 26.dxe5 Qc5 27.Kb1 Bxe5 28.Nd5 Rxd5 29.cxd5 Qb4+
30.Kc2 Qb2+ 31.Kd3 Qc3+ 32.Ke4 cxd5+ 33.Rxd5 Bxd5+ 34.Kxd5 Qd4+ 35.Ke6 Qd6+
36.Kf7 Rf8+  0-1

[Event "12th Forchheim Open A 2013"]
[Site "Forchheim GER"]
[Date "2013.09.28"]
[Round "2.25"]
[White "Feldheim,Jonas"]
[Black "Otto,A"]
[Result "1/2-1/2"]
[WhiteElo "2009"]
[BlackElo "2066"]

1.e4 c5 2.Nc3 Nc6 3.Bb5 Nd4 4.Nf3 g6 5.Bc4 Bg7 6.Nxd4 cxd4 7.Qf3 Nh6 8.Ne2 O-O
9.d3 Ng4 10.Bb3 d6 11.Qg3 Qa5+ 12.Bd2 Qc5 13.O-O a5 14.c3 e5 15.Bd1 f5 16.exf5 Bxf5
17.cxd4 exd4 18.Nf4 Ne5 19.Rc1 Qb5 20.Bb3+ Kh8 21.Rc7 Rac8 22.Rxg7 Kxg7 23.Nh5+ Kh8
24.Bh6 Nf7 25.Bg7+ Kg8 26.Bxd4 h6 27.Qf4 g5 28.Nf6+ Kh8 29.Nd5+ Ne5 30.Bxe5+ Kh7
31.Qg3 dxe5 32.Qxe5 Qxd3 33.g4 Qe4 34.Qe7+ Qxe7 35.Nxe7  1/2-1/2

[Event "23rd EYCC Open U16 2013"]
[Site "Budva MNE"]
[Date "2013.09.29"]
[Round "1.31"]
[White "Martins,Dav"]
[Black "Zirkelbach,Maj"]
[Result "1/2-1/2"]
[WhiteElo "2171"]
[BlackElo "1836"]

1.e4 c5 2.Nf3 Nc6 3.Nc3 g6 4.d4 cxd4 5.Nxd4 Bg7 6.Be3 Nf6 7.Bc4 d6 8.f3 Bd7
9.Qd2 Ne5 10.Bb3 Rc8 11.O-O-O Nc4 12.Bxc4 Rxc4 13.g4 Qa5 14.Nb3 Qc7 15.Bh6 Bxh6
16.Qxh6 b5 17.Rd2 a5 18.Re1 a4 19.Nd4 Qc5 20.Nd5 Rxd4 21.Qg7 Rg8 22.Nxf6+ exf6
23.Qxg8+ Ke7 24.Rxd4 Qxd4 25.Qb8 a3 26.bxa3 Qc3 27.Rd1 Qxa3+ 28.Kd2 Qxf3
29.Qa7 Qf4+ 30.Qe3 Qxh2+ 31.Kc1 Bxg4 32.Rd2 Qe5 33.c3 Qc5 34.Qxc5 dxc5 35.Rd5 h5
36.Kd2 h4 37.Ke3 h3 38.Kf2 h2 39.Kg2 Bf3+ 40.Kxh2 Bxe4 41.Rxc5 Bd3 42.Kg3 Bc4
43.a4 Kd6 44.Rc8 Be6 45.Rd8+ Kc7 46.Rd4 bxa4 47.Rxa4 Kc6 48.Kf4 Kc5 49.Rd4 g5+
50.Ke4 f5+ 51.Ke5 Kb5 52.Kf6 g4 53.Ke5 g3 54.Rd3 g2 55.Rg3 Kc4 56.Rxg2 Kxc3
57.Rf2 Kd3 58.Rxf5 Bxf5 59.Kxf5 Kd4 60.Kf6 Kd5 61.Kxf7  1/2-1/2

[Event "12th Forchheim Open A 2013"]
[Site "Forchheim GER"]
[Date "2013.09.29"]
[Round "4.17"]
[White "Kammer,Christoph"]
[Black "Barnickel,J"]
[Result "1-0"]
[WhiteElo "1988"]
[BlackElo "2054"]

1.e4 c5 2.Nc3 Nc6 3.Bb5 Nd4 4.Bc4 e6 5.Nge2 a6 6.d3 Ne7 7.O-O Nec6 8.Ng3 Be7
9.f4 Na5 10.Bb3 f6 11.f5 O-O 12.Rf4 Naxb3 13.axb3 Qe8 14.Nce2 Nxe2+ 15.Qxe2 Bd6
16.Rg4 Bxg3 17.Rxg3 exf5 18.Bh6 Rf7 19.Qh5 g6 20.Rxg6+ hxg6 21.Qxg6+ Kh8
22.Bg7+ Kg8 23.Bxf6+ Kf8 24.Qh6+ Kg8  1-0

[Event "Grand Open Blagoevgrad 2013"]
[Site "Blagoevgrad BUL"]
[Date "2013.09.30"]
[Round "4.38"]
[White "Zashev,Ivan"]
[Black "Kazakov,Danail"]
[Result "0-1"]
[WhiteElo "1644"]
[BlackElo "1852"]

1.e4 c5 2.Nf3 Nc6 3.Nc3 e5 4.Bc4 d6 5.d3 h6 6.O-O Bg4 7.h3 Bh5 8.Nxe5 Nf6
9.Nxc6 bxc6 10.g4 Bg6 11.Ne2 Be7 12.Nf4 Bh7 13.c3 O-O 14.Be3 Kh8 15.f3 d5
16.Bb3 Qd6 17.exd5 cxd5 18.d4 c4 19.Bc2 Bd8 20.Bxh7 Nxh7 21.Ne2 Re8 22.Bf4 Qe6
23.Ng3 g5 24.Bd2 Bc7 25.Nf5 Nf8 26.Re1 Qg6 27.Qa4 Reb8 28.b3 cxb3 29.axb3 Ne6
30.Re2 Ng7 31.Nxg7 Kxg7 32.Rf1 Qd3 33.Rg2 Bf4 34.Be1 Re8 35.Qa2 Re3 36.Rgf2 Rae8
37.Qa1 Bg3 38.Rd2 Qxf1+ 39.Kxf1 Rxe1+ 40.Qxe1 Rxe1+ 41.Kg2 Bf4 42.Ra2 Re7
43.c4 Rb7 44.cxd5 Rxb3 45.Rxa7 Rb4 46.Rd7 Rxd4 47.Kf1 Kf6 48.Ke2 Rd2+ 49.Ke1 Rh2
50.Ra7 Rxh3 51.Ra6+ Ke7 52.Ra7+ Kf6 53.Ra8 Kg7 54.Rd8 Rxf3 55.d6 Rd3 56.d7 Bc7  0-1

[Event "Lichtenrader Herbst 2013"]
[Site "Berlin GER"]
[Date "2013.10.01"]
[Round "4.12"]
[White "Reichenbach,W"]
[Black "Kather,Yannick"]
[Result "1-0"]
[WhiteElo "2290"]
[BlackElo "1975"]

1.e4 c5 2.Nc3 Nc6 3.Bb5 Nd4 4.Bc4 g6 5.Nf3 Bg7 6.O-O e6 7.d3 Ne7 8.Re1 d6
9.Nxd4 cxd4 10.Ne2 O-O 11.Bb3 b5 12.Bd2 Bb7 13.a4 bxa4 14.Rxa4 d5 15.f3 Kh8
16.Bb4 dxe4 17.fxe4 f5 18.Nf4 fxe4 19.Nxe6 Qd7 20.dxe4 Rfe8 21.Nxg7 Kxg7
22.Bc5 Nc6 23.Rxd4  1-0

[Event "Grand Open Blagoevgrad 2013"]
[Site "Blagoevgrad BUL"]
[Date "2013.10.01"]
[Round "6.35"]
[White "Zashev,Ivan"]
[Black "Zahariev,Ognyan"]
[Result "0-1"]
[WhiteElo "1644"]
[BlackElo "1868"]

1.e4 c5 2.Nf3 Nc6 3.Nc3 a6 4.d4 cxd4 5.Nxd4 e6 6.Nb3 Qc7 7.Be3 b5 8.f3 Bb7
9.Qd2 Nf6 10.g4 d5 11.g5 Ne5 12.Qf2 Nfd7 13.exd5 exd5 14.Bf4 b4 15.Nd1 d4
16.Nxd4 Nxf3+ 17.Nxf3 Qxf4 18.Bg2 Bc5 19.Qe2+ Kf8 20.Ne5 Nxe5 21.Bxb7 Re8
22.Be4 Ng4 23.Rf1 Qxe4 24.Qxe4 Rxe4+ 25.Kd2 Ke7 26.Kc1 Rd8 27.a3 bxa3 28.bxa3 Ne3
29.Re1 Rxd1+ 30.Rxd1 Nxd1 31.Kxd1 Rg4 32.Ke2 Rxg5 33.Rb1 Rg2+ 34.Kd3 Rxh2
35.Rb7+ Ke6 36.Rc7 Bxa3 37.Rc6+ Bd6 38.Rxa6 Rh5 39.c4 Rc5 40.Kd4 h5 41.Ra8 Rc7
42.Re8+ Kd7 43.Rg8 g6 44.Rg7 Ke7  0-1

[Event "Pankrac Cup 2013"]
[Site "Prague CZE"]
[Date "2013.10.01"]
[Round "4"]
[White "Neuman,P"]
[Black "Polasek,J"]
[Result "1-0"]
[WhiteElo "2499"]
[BlackElo "2318"]

1.e4 c5 2.Nc3 Nc6 3.Bb5 Nd4 4.Bc4 d6 5.Nge2 g6 6.O-O Bg7 7.d3 e6 8.Nxd4 cxd4
9.Ne2 Ne7 10.Bg5 h6 11.Bh4 O-O 12.Bb3 g5 13.Bg3 e5 14.c3 d5 15.cxd4 dxe4
16.dxe4 exd4 17.Nc1 Qb6 18.Nd3 Be6 19.Bxe6 Qxe6 20.Re1 Rfc8 21.h4 Rc6 22.hxg5 hxg5
23.Qd2 g4 24.Nf4 Qh6 25.Qb4 Be5 26.Nd5 Nxd5 27.exd5 Rb6 28.Qa3 Bg7 29.d6 Bf8
30.Re4 Bxd6 31.Rxg4+ Kf8 32.Bxd6+ Qxd6 33.Qh3 Qf6 34.Re1 Rxb2 35.Qa3+  1-0

[Event "Tatry Open 2013"]
[Site "Tatranske Zruby SVK"]
[Date "2013.10.01"]
[Round "3.29"]
[White "Bolacky,J"]
[Black "Odler,D"]
[Result "1-0"]
[WhiteElo "2223"]
[BlackElo "2087"]

1.e4 c5 2.Nc3 Nc6 3.Bb5 a6 4.Bxc6 dxc6 5.d3 Nf6 6.Be3 e5 7.h3 Bd6 8.a4 a5
9.Nf3 Qe7 10.Nd2 Bd7 11.Qe2 h6 12.g3 g6 13.f4 Nh5 14.Qf2 exf4 15.gxf4 g5
16.Nc4 Bxf4 17.Bxc5 Bg3 18.Bxe7 Bxf2+ 19.Kxf2 Kxe7 20.d4 Nf4 21.h4 Be6 22.Ne3 Rad8
23.Rad1 f6 24.d5 Bf7 25.Nf5+ Kf8 26.dxc6 Rxd1 27.Nxd1 bxc6 28.hxg5 fxg5 29.Rxh6 Rxh6
30.Nxh6 Be6 31.Ne3 Ke7 32.Nhf5+ Kd7 33.Kf3 Bf7 34.Kg4 Ne6 35.Nc4 Nc5 36.Ne5+ Ke6
37.Nxc6 Nxe4 38.Nxa5 Bh5+ 39.Kxh5 Kxf5 40.Nc4 Nf6+ 41.Kh6 Kf4 42.Nd2 Ng4+
43.Kh5 Nf6+ 44.Kg6 Nd5 45.a5 g4 46.Nf1 Kf3 47.Nh2+ Kg3 48.Kg5 Kxh2 49.Kxg4 Kg2
50.a6 Kf2 51.a7 Nc7 52.Kf4 Ke2 53.b4 Kd2 54.Ke4 Kc3 55.b5 Na8 56.Kd5 Kb4
57.Kc6 Ka5 58.c4 Nb6 59.Kb7 Nxc4 60.a8=Q+ Kxb5 61.Kc7  1-0

[Event "Grand Open Blagoevgrad 2013"]
[Site "Blagoevgrad BUL"]
[Date "2013.10.04"]
[Round "9.45"]
[White "Dyulgerov,Volen"]
[Black "Portokalski,Yordan"]
[Result "1-0"]
[WhiteElo "1648"]
[BlackElo "1664"]

1.e4 c5 2.Nc3 Nc6 3.Bb5 g6 4.f4 Nd4 5.Nf3 Nxb5 6.Nxb5 Bg7 7.O-O d6 8.d3 Qb6
9.Nc3 c4+ 10.Kh1 cxd3 11.Nd5 Qd8 12.cxd3 Nf6 13.Nxf6+ Bxf6 14.e5 dxe5 15.fxe5 Bg7
16.Ng5 O-O 17.Qb3 e6 18.Bf4 Qd4 19.Rae1 h6 20.Ne4 b6 21.Nf6+ Kh8 22.Re4 Qd8
23.d4 Bb7 24.Bxh6 Bxe4 25.Qh3 Bxf6 26.Bg5+ Kg8 27.Bxf6 Bxg2+ 28.Kxg2  1-0

[Event "3rd Holuj-Radzikowska Mem"]
[Site "Wroclaw POL"]
[Date "2013.10.04"]
[Round "7.2"]
[White "Majdan,J"]
[Black "Vega Gutierrez,S"]
[Result "1-0"]
[WhiteElo "2384"]
[BlackElo "2392"]

1.e4 c5 2.Nf3 Nc6 3.Nc3 Nf6 4.Bb5 g6 5.h3 Bg7 6.e5 Ng8 7.Bxc6 dxc6 8.O-O Nh6
9.Ne4 b6 10.Qe2 Nf5 11.c3 a5 12.Rd1 Ba6 13.d3 O-O 14.Bf4 f6 15.exf6 exf6
16.g4 Nh6 17.Qe3 Nf7 18.d4 c4 19.g5 fxg5 20.Nexg5 Qd5 21.Re1 Bb7 22.Qe6 c5
23.Qxd5 Bxd5 24.Be5 Nxe5 25.Nxe5 cxd4 26.cxd4 Rf4 27.Ng4 Bxd4 28.Re7 Bg7
29.Rd1 Rf5 30.Rxd5 Rxd5 31.Ne6 Rd1+ 32.Kg2 Re1 33.Rxg7+ Kh8 34.Nf6  1-0

[Event "Chigorin Memorial"]
[Site "St Petersburg RUS"]
[Date "2013.10.05"]
[Round "1.20"]
[White "Solak,D"]
[Black "Kostrikina,A"]
[Result "1-0"]
[WhiteElo "2611"]
[BlackElo "2140"]

1.e4 c5 2.Nc3 Nc6 3.Bb5 Nd4 4.Bc4 e6 5.Nge2 a6 6.Nxd4 cxd4 7.Ne2 b5 8.Bb3 Bc5
9.d3 Ne7 10.O-O O-O 11.Ng3 Kh8 12.Qh5 Qc7 13.Bf4 d6 14.Bd2 Bd7 15.a4 Ng6
16.axb5 axb5 17.Rxa8 Rxa8 18.f4 Qd8 19.f5 Ne5 20.f6 gxf6 21.Qh4 Ng6 22.Qh6 Qf8
23.Nh5 Qxh6 24.Bxh6 Bc6 25.Nxf6 Bb6 26.Ng4 Be8 27.h4 Nxh4 28.Bxe6 Ra7 29.Bd5 Ng6
30.Nf6 Re7 31.Nxe8 Rxe8 32.Rxf7  1-0

[Event "Tatry Open 2013"]
[Site "Tatranske Zruby SVK"]
[Date "2013.10.05"]
[Round "8.22"]
[White "Giertli,V"]
[Black "Michna,C"]
[Result "1/2-1/2"]
[WhiteElo "2054"]
[BlackElo "2290"]

1.e4 c5 2.Nf3 Nc6 3.Nc3 Nf6 4.Bb5 Qc7 5.O-O e6 6.Re1 d6 7.d3 Be7 8.a3 O-O
9.Bg5 Bd7 10.Qd2 a6 11.Ba4 b5 12.Bb3 Na5 13.Ba2 b4 14.axb4 cxb4 15.Ne2 Rfb8
16.Ned4 e5 17.Nb3 Nc6 18.Nc1 a5 19.Ne2 a4 20.c3 b3 21.Bb1 h6 22.Be3 Na5 23.h3 Rd8
24.Ng3 Bf8 25.Nh4 Nc6 26.Nhf5 Ne7 27.Nxe7+ Bxe7 28.f4 Nh7 29.Qf2 Rdc8 30.Ne2 f6
31.Rd1 Qb7 32.Qg3 Kh8 33.Qf2 Ra6 34.d4 Bb5 35.Ng3 Bd8 36.Nf5 Be7 37.Qg3 Bf8
38.fxe5 dxe5 39.dxe5 fxe5 40.Qxe5 Bc4 41.Nd6 Bxd6 42.Rxd6 Rf8 43.Bd3 Qc7
44.Bxc4 Rxd6 45.Bd5 Nf6 46.Rxa4 Re8 47.Qf4 Nxd5 48.exd5 Qe7 49.Bd4 Rf8 50.Qd2 Rg6
51.Ra7 Qh4 52.Qe3 Rg3 53.Qe6 Qf4 54.Ra1 Kh7 55.Re1 Rxg2+ 56.Kxg2 Qf3+ 57.Kh2 Qf4+
58.Kg2 Qf3+  1/2-1/2

[Event "Tatry Open 2013"]
[Site "Tatranske Zruby SVK"]
[Date "2013.10.05"]
[Round "8.3"]
[White "Jurcik,Mari"]
[Black "Jasny,S"]
[Result "1-0"]
[WhiteElo "2481"]
[BlackElo "2310"]

1.e4 c5 2.Nf3 Nc6 3.Nc3 g6 4.d4 cxd4 5.Nxd4 Bg7 6.Be3 Nf6 7.Bc4 O-O 8.Bb3 d6
9.h3 Bd7 10.O-O Nxd4 11.Bxd4 Bc6 12.Qd3 b5 13.Rfe1 Qd7 14.Rad1 Rac8 15.Bxf6 exf6
16.Qxd6 Qxd6 17.Rxd6 Rfe8 18.Re3 Kf8 19.Nd5 Red8 20.Rxd8+ Rxd8 21.Rc3 Rc8
22.Nb4 Bb7 23.Rd3 Rc7 24.Rd8+ Ke7 25.Rg8 Bf8 26.Nd5+ Bxd5 27.exd5 Rd7 28.c4 bxc4
29.Bxc4 Rd8 30.Rh8 h6 31.Rh7 Rd6 32.g4 f5 33.gxf5 gxf5 34.Rh8 a5 35.b3 Rd8
36.Kg2 Bg7 37.Rxd8 Kxd8 38.Kf3 Be5 39.Bd3 f4 40.Ke4 Bd6 41.f3 Ke7 42.Kd4 Bb4
43.Kc4 Kd6 44.Bh7 Bc5 45.Bg8 f6 46.Kb5 Bb4 47.Be6 f5 48.Bf7 Bd2 49.a3 Be1
50.Kc4 Bd2 51.Be6 Bc1 52.b4 axb4 53.Kxb4 Be3 54.Kc4 Bf2 55.Bxf5 Be3 56.Bc8 Bf2
57.Bb7 Be3 58.a4 Bf2 59.Bc6 Be3 60.a5 Bf2 61.a6 Be3 62.Kd3 Ke5 63.h4 Bf2
64.Ke2 Be3 65.Kf1 Kd6 66.Kg2 Bd4 67.Kh3 h5 68.Be8 Kxd5 69.Bxh5 Be3 70.Kg4 Ke6
71.Kg5 Ke7 72.Bg6 Kf8 73.Kf6  1-0

[Event "4NCL Indiv Rapid 2013"]
[Site "Daventry ENG"]
[Date "2013.10.06"]
[Round "5.5"]
[White "Healey,M"]
[Black "Zakarian,D"]
[Result "0-1"]
[WhiteElo "2091"]
[BlackElo "2408"]

1.e4 c5 2.Nf3 Nc6 3.Nc3 d6 4.Be2 e5 5.O-O Be7 6.d3 h6 7.h3 Nf6 8.Nh2 Be6
9.f4 exf4 10.Bxf4 Qd7 11.Qd2 d5 12.Nb5 O-O 13.Nc7 Rad8 14.e5 Ne4 15.dxe4 Qxc7
16.Qc3 dxe4 17.Qg3 Nd4 18.Rae1 Nf5 19.Qf2 c4 20.Ng4 Bc5 21.Be3 Nxe3 22.Nxe3 Qb6
23.Bg4 Bxg4 24.hxg4 Qxb2 25.Kh1 Qxe5 26.Qe2 Bd6 27.g3 Qxg3 28.Rf2 Bc5 29.Rg2 Qxe3
30.Qxe3 Bxe3 31.Rxe3 Rfe8 32.g5 hxg5 33.Rxg5 Rd2 34.a4 Rxc2 35.a5 Rd8 36.Re1 c3
37.a6 bxa6 38.Reg1 g6 39.R5g3 Rd3 40.Rxg6+ fxg6 41.Rxg6+ Kf7 42.Rg3 Rd1+  0-1

[Event "63rd ch-RUS w 2013"]
[Site "Nizhny Novgorod RUS"]
[Date "2013.10.06"]
[Round "2.2"]
[White "Kosintseva,T"]
[Black "Kovalevskaya,E"]
[Result "1/2-1/2"]
[WhiteElo "2515"]
[BlackElo "2410"]

1.e4 c5 2.Nf3 Nc6 3.Nc3 e5 4.Bc4 Be7 5.d3 d6 6.O-O Nf6 7.Ng5 O-O 8.f4 Bg4
9.Qe1 exf4 10.Bxf4 Nd4 11.Qd2 Qd7 12.Be3 Be6 13.Nxe6 fxe6 14.Bxd4 cxd4 15.Ne2 d5
16.exd5 Nxd5 17.Nxd4 Bc5 18.c3 Qd6 19.Kh1 Bxd4 20.cxd4 Rxf1+ 21.Rxf1 Rf8
22.Re1 Rf6 23.Kg1 h6 24.a3 Kh7 25.Qe2 Rg6 26.Qe5 Qb6 27.b4 Qd8 28.Rf1 a6
29.Rf7 b5 30.Bxd5 exd5 31.h3 Qc8 32.Kh2 Rg5 33.Qe3 Qb8+ 34.g3 Qc8 35.Rf2 Rf5
36.g4 Rxf2+ 37.Qxf2 Qc7+ 38.Kg2 Qc3 39.Qf5+ Kh8 40.Qf8+ Kh7 41.Qf5+ Kh8 42.Qxd5 Qd2+
43.Kg3 Qxd3+ 44.Kf4 Qxa3 45.Qa8+ Kh7 46.Qe4+ Kg8 47.d5 Qc1+ 48.Ke5 Qc3+ 49.Ke6 Qc8+
50.Kd6 Qd8+ 51.Kc6 a5 52.Qe6+ Kf8 53.Kxb5 axb4 54.Kxb4 Qb8+ 55.Kc5 Qa7+ 56.Kb5 Qb7+
57.Kc4 Qc7+ 58.Qc6 Qf4+ 59.Kb5 Qb8+ 60.Ka6 Ke7 61.Qc5+ Kf7 62.Qf2+ Kg8 63.Qc5 Kf7
64.d6 Qa8+ 65.Kb6 Ke6 66.Qc7 Qe8 67.Kc5 Qf8 68.Qe7+  1/2-1/2

[Event "Chigorin Memorial"]
[Site "St Petersburg RUS"]
[Date "2013.10.07"]
[Round "3.18"]
[White "Yagupov,I"]
[Black "Al Modiahki,M"]
[Result "0-1"]
[WhiteElo "2432"]
[BlackElo "2568"]

1.e4 c5 2.Nf3 Nc6 3.Nc3 g6 4.d4 cxd4 5.Nxd4 Bg7 6.Be3 Nf6 7.Bc4 O-O 8.Bb3 d6
9.f3 Bd7 10.Qd2 Na5 11.h4 h5 12.Bh6 e5 13.Bxg7 Kxg7 14.Nde2 Nxb3 15.axb3 Be6
16.O-O-O Qa5 17.Qxd6 Rad8 18.Qe7 Rfe8 19.Qa3 Qb6 20.Rxd8 Rxd8 21.Nd1 Rd6
22.Re1 Qd8 23.Qb4 Ra6 24.Ndc3 Ra1+ 25.Nb1 Nd7 26.g3 a5 27.Qd6 Qf6 28.Qd3 a4
29.bxa4 Nc5 30.Qe3 Nxa4 31.b3 Qe7 32.bxa4 Rxb1+ 33.Kxb1 Qb4+ 34.Kc1 Qxe1+
35.Kb2 Qb4+ 36.Kc1 Qe1+ 37.Kb2 Bc4  0-1

[Event "Chigorin Memorial"]
[Site "St Petersburg RUS"]
[Date "2013.10.09"]
[Round "5.92"]
[White "Assaubayeva,Bibissara"]
[Black "Kazakov,Maksym"]
[Result "1-0"]
[WhiteElo "1820"]
[BlackElo "2062"]

1.e4 c5 2.Nf3 Nc6 3.Nc3 g6 4.d4 cxd4 5.Nxd4 Bg7 6.Be3 Nf6 7.Bc4 d6 8.f3 O-O
9.Qd2 Bd7 10.O-O-O Rc8 11.Bb3 Ne5 12.Kb1 Nc4 13.Bxc4 Rxc4 14.h4 h5 15.Nd5 e5
16.Nb3 Nxd5 17.Qxd5 Qc8 18.Nc5 Rxc5 19.Bxc5 Be6 20.Qxd6 Re8 21.Be3 Bf8 22.Qd3 Qc6
23.Bg5 Rc8 24.b3 b5 25.g4 Rc7 26.gxh5 f5 27.Rhg1 f4 28.Bd8 Rd7 29.Rxg6+ Kf7
30.Qxd7+ Bxd7 31.Rxc6 Bxc6 32.Bc7 Ke6 33.h6 Kf6 34.h7 Kg7 35.Rd8 Bxe4 36.Bxe5+  1-0

[Event "Chigorin Memorial"]
[Site "St Petersburg RUS"]
[Date "2013.10.09"]
[Round "5.20"]
[White "Baghdasaryan,V"]
[Black "Belous,V"]
[Result "0-1"]
[WhiteElo "2395"]
[BlackElo "2554"]

1.e4 c5 2.Nc3 Nc6 3.Bb5 Nd4 4.Nf3 g6 5.Bc4 Bg7 6.Nxd4 cxd4 7.Qf3 f5 8.exf5 dxc3
9.fxg6 Nf6 10.Bf7+ Kf8 11.dxc3 Qb6 12.Bf4 Qc6 13.Qd3 Qxg2 14.O-O-O Qe4 15.Qd2 hxg6
16.Rhg1 Kxf7 17.Rde1 Qd5 18.Qe3 Re8 19.Rg5 e5 20.Bxe5 d6  0-1

[Event "7th Univ Cent Open 2013"]
[Site "Bogota COL"]
[Date "2013.10.10"]
[Round "1.13"]
[White "Ruiz Sanchez,O"]
[Black "Becerra,J"]
[Result "1-0"]
[WhiteElo "2420"]
[BlackElo "2224"]

1.e4 c5 2.Nc3 Nc6 3.Bb5 Nd4 4.Bc4 g6 5.Nf3 Bg7 6.O-O e6 7.Nxd4 cxd4 8.Nb5 Qb6
9.c3 d5 10.exd5 exd5 11.Qe2+ Ne7 12.Bxd5 d3 13.Qxd3 O-O 14.Bc4 Bf5 15.Qd6 Nc6
16.d4 a6 17.Na3 Rfd8 18.Qg3 Bf8 19.Nb1 Rac8 20.Nd2 Nxd4 21.cxd4 Rxd4 22.Bb3 Bd6
23.Qe3 Bf4 24.Nc4 Qc5 25.Qxf4 Rxf4 26.Bxf4 Be6 27.Rac1 Qd4 28.Be3 Qf6 29.Rfd1 b5
30.Nd6 Rxc1 31.Rxc1  1-0